| 000 | 006530000a22001570004500 | ||
|---|---|---|---|
| 003 | MACL | ||
| 005 | 20171213163142.0 | ||
| 008 | 171213b xxu||||| |||| 00| 0 eng d | ||
| 040 | _cmacl | ||
| 100 |
_aनायर ,टी. पी. शंकरनकुटिट _969646 |
||
| 245 | _aवेलुत्रम्मी दलवा एंव भारत का स्वाधीनता संग्राम | ||
| 260 |
_aदिल्ली _bकेरल हिन्दी साहित्य _c2011 …,…_…1…·…………Ø_ƒ_ |
||
| 350 | _a120 | ||
| 650 |
_aइतिहास _969647 |
||
| 942 |
_cHIN _k900/NAI _2ddc |
||
| 999 |
_c47788 _d47788 |
||